000 00590nam a2200193Ia 4500
003 IN-BaIIA
008 211028s9999 xx 000 0 eng d
020 _a0-13-054668-2
040 _cIIA Library
080 _a681.3
_bGRO
100 _aGroover, Mikell P
_912013
245 0 _aAutomation, production systems and computer-aided manufacturing
_cMikell P Groover
260 _aEnglewood Cliffs
_bPrentice-Hall
_c1980
300 _axix, 601p.
650 _aAutomation
_912014
650 _aComputers
_92283
650 _aNASA Thesaurus
942 _cBK
999 _c7019
_d7019